| 000 | 00684nam a2200145Ia 4500 | ||
|---|---|---|---|
| 008 | 170221s9999 xx 000 0 und d | ||
| 100 | _aRaisa I. Platonova | ||
| 245 | 4 | _aThe Implementation of Trans-Disciplinary Principle in the Content of Higher School Students Humanitarian Training | |
| 245 | _cRaisa I. Platonova, Vera S. Golokova, Liya I. Ammosova, Nataliya V. Barkalova, Anna V. Zorina, Natalia N. Vygodchikova, Rustam R. Turayev, Albina R. Shaidullina, Yuliya A. Chernova | ||
| 260 | _bInternational Review of Management and Marketing | ||
| 260 | _cJune 2012 | ||
| 300 | _a4:1 | ||
| 650 | _xMarketing. | ||
| 856 | _uhttp://www.econjournals.com/index.php/irmm/issue/view/71 | ||
| 999 |
_c310445 _d310445 |
||